Introducción al Estudio del Derecho/ (Registro nro. 8002)

Detalles MARC
000 -LEADER
fixed length control field 02308nam a2200217Ia 4500
005 - FECHA Y HORA DE LA ÚLTIMA TRANSACCIÓN
control field 20230502111404.0
008 - FIXED-LENGTH DATA ELEMENTS--GENERAL INFORMATION
fixed length control field 230427s9999 xx 000 0 und d
020 ## - INTERNATIONAL STANDARD BOOK NUMBER
International Standard Book Number 9700721795
040 ## - CATALOGING SOURCE
Original cataloging agency UPAN
Transcribing agency Biblioteca San Vicente
Description conventions RCAA2
041 ## - LANGUAGE CODE
Language code of text/sound track or separate title spa
082 ## - DEWEY DECIMAL CLASSIFICATION NUMBER
Classification number 340
Item number R433i
100 ## - MAIN ENTRY--PERSONAL NAME
Personal name Recansens Siches Luis
Relator code aut.
245 #0 - TITLE STATEMENT
Title Introducción al Estudio del Derecho/
Remainder of title Luis Recasens Siches
250 ## - EDITION STATEMENT
Edition statement 14ª ed
260 ## - PUBLICATION, DISTRIBUTION, ETC. (IMPRINT)
Place of publication, distribution, etc México:
Name of publisher, distributor, etc PORRÚA,
Date of publication, distribution, etc 2003
300 ## - PHYSICAL DESCRIPTION
Extent 360 p.:
Dimensions 23 cm.
505 ## - FORMATTED CONTENTS NOTE
Formatted contents note Primera parte. Derecho, mundo y vida humana<br/>Capitulo I. Primeros contactos en el Derecho, ubicaciòn del Derecho en el mundo<br/>Capitulo II. Lo normativo y lo colectivo <br/>Capitulo III. La realidad del Derecho <br/>Segunda parte. La experiencia jurìdica<br/>Capitulo IV. Experiencia jurìdica (Factores y condiciones en la introducciòn del Derecho)<br/>Tercera parte. El Derecho como norma especifica, diferente de otros tipos de normas<br/>Capitulo V. Distinciòn entre Derecho y Moral<br/>Capitulo VI. Diferenciaciòn entre las reglas del trato social y las normas jurìdicas<br/>Capitulo VII. Derecho y arbitrariedad<br/>Cuarta parte. Las funciones del Derecho<br/>Capitulo VIII. Las funciones del Derecho <br/>Quinta parte. Conceptos jurìdicos fundamentales<br/>Capitulo IX. Anàlisis de la norma jurìdica <br/>Capitulo X. EL deber jurìdico<br/>Capitulo XI. El Derecho en sentido sujetivo<br/>Capitulo XII. La personalidad jurìdica´<br/>Capitulo XIII. Clasificaciòn de las normas jurìdicas <br/>Capitulo XIV. Los modos de producciòn del Derecho y sus requisitos respectivos<br/>Sexta parte. Tècnica jurìdica, metodologìa de la jurisprudencia e interpretaciòn del Derecho<br/>Capitulo XV. La norma individualizada<br/>Capitulo XVI. La interpretaciòn del Derecho<br/>Capitulo XVII. La lògica de lo razonable como medio para la interpretaciòn del Derecho y para la polìtica legislativa<br/>Octava parte. Estimativa o axiologìa jurìdica ( o Derecho natural)<br/>Capitulo XIX. Introducciòn a la estimativa jurìdica<br/>Capitulo XX. Estimativa jurìdica y Derecho natural<br/>Capitulo XXI. Ideales jurìdicos e historia<br/>Capitulo XXII. La justicia<br/>Capitulo XXIII. Estimativa polìtico-jurìdica del humanismo<br/>Capitulo XXIV. Fundamentaciòn y consecuencias del humanismo
650 ## - SUBJECT ADDED ENTRY--TOPICAL TERM
Source of heading or term LEMB
Topical term or geographic name as entry element Derecho
650 ## - SUBJECT ADDED ENTRY--TOPICAL TERM
Source of heading or term LEMB
Topical term or geographic name as entry element Introducciòn
942 ## - ADDED ENTRY ELEMENTS (KOHA)
Koha item type Libros
Source of classification or shelving scheme Dewey Decimal Classification
Existencias
Withdrawn status Lost status Source of classification or shelving scheme Damaged status Not for loan Collection code Home library Current library Date acquired Total Checkouts Full call number Barcode Date last seen Price effective from Koha item type
    Dewey Decimal Classification     Colección General Biblioteca UPAN San Vicente Biblioteca UPAN San Vicente 27/04/2023   340 R433i 12000477 27/04/2023 27/04/2023 Libros